An introduction to the law of contract
| Main Author: | |
|---|---|
| Format: | Book |
| Published: |
Oxford :
Clarendon Press ,
1984
|
| Edition: | 3rd ed. |
| Series: | Clarendon law series
|
| Subjects: |
MARC
| LEADER | 00000cam a2200000 7i4500 | ||
|---|---|---|---|
| 001 | 0000002669 | ||
| 005 | 20050627.0 | ||
| 020 | |a 098761414 | ||
| 040 | |a INS | ||
| 090 | 0 | 0 | |a KD1554. |b A975 1984 |
| 100 | 1 | |a Atiyah, P. S. | |
| 245 | 1 | 3 | |a An introduction to the law of contract |c P. S. Atiyah |
| 250 | |a 3rd ed. | ||
| 260 | |a Oxford : |b Clarendon Press , |c 1984 | ||
| 300 | |a xp : |b 335p ; |c 21cm. | ||
| 440 | 0 | |a Clarendon law series | |
| 650 | 0 | 0 | |a Contracts |z England |
| 999 | |a 0000000027 |b BOOK |c Open Shelf |e Default branch | ||